| 000 | 00953nam a2200253 a 4500 | ||
|---|---|---|---|
| 003 | CBULib | ||
| 005 | 20240802101135.0 | ||
| 008 | 220707s2021 ||||||||||||||||| || u | ||
| 040 |
_aCBULib _bEnglish _cCBULib _erda |
||
| 041 | _aeng | ||
| 050 | _aUNCTAD(058)TDRO/2021 | ||
| 110 | _aUnited Nations Conference on Trade and Development (UNCTAD) | ||
| 245 | 1 | 0 |
_aTrade and Development Report 2021 : from recovery to resilience : the development dimension : overview _c/ by United Nations Conference on Trade and development(UNCTAD) |
| 260 |
_aGeneva : _bUnited Nations, _c2021. |
||
| 300 | _a27 pages | ||
| 336 |
_2rdacontent _aText | _btxt |
||
| 337 |
_2rdamedia _aUnmediated | _bn |
||
| 338 |
_2rdacarrier _aVolume _bnc |
||
| 650 | _aUNCTAD | ||
| 650 | _aTRADE AND DEVELOPMENT REPORT - 2021 | ||
| 650 | _aUNITED NATIONS CONFERENCE ON TRADE AND DEVELOPMENT | ||
| 942 |
_2mc _c029 |
||
| 999 |
_c60128 _d60128 |
||